LEADER 01037nam a2200277 i 4500 001 991000936089707536 005 20020507104103.0 008 970422s1994 ne ||| | eng 020 $a9290921250 035 $ab10150493-39ule_inst 035 $aLE00639392$9ExL 040 $aDip.to Fisica$bita 084 $a52.9.5(047) 084 $a629.19 100 1 $aKrige, John$061921 245 10$aEurope in space 1960-1973 /$cJohn Krige and Arturo Russo ; with the assistance of Lorenza Sebesta 260 $a[s.l.] :$bESA Publication Division,$cc1994 300 $aviii, 142 p. :$bill. ;$c30 cm. 700 1 $aRusso, Arturo$eauthor$4http://id.loc.gov/vocabulary/relators/aut$065878 700 1 $aSebesta, Lorenza 907 $a.b10150493$b21-09-06$c27-06-02 912 $a991000936089707536 945 $aLE006 52.9.5(047) KRI$g1$i2006000067317$lle006$o-$pE0.00$q-$rl$s- $t0$u0$v0$w0$x0$y.i10180308$z27-06-02 996 $aEurope in space 1960-1973$91444813 997 $aUNISALENTO 998 $ale006$b01-01-97$cm$da $e-$feng$gne $h0$i1 LEADER 02251nas 2200685- 450 001 996202305403316 005 20240624102006.0 011 $a1478-3320 035 $a(OCoLC)38584303 035 $a(CKB)954921406269 035 $a(CONSER)--2018207075 035 $a(MiAaPQ)36022 035 $a(MiAaPQ)36023 035 $a(EXLCZ)99954921406269 100 $a19980311a19859999 s-- - 101 0 $aeng 135 $aurmnu|||||||| 181 $ctxt$2rdacontent 182 $cc$2rdamedia 183 $acr$2rdacarrier 200 00$aComparative economic studies 210 $aEngland 210 1$aFlushing, NY :$cAssociation for Comparative Economic Studies 215 $a1 online resource 300 $aRefereed/Peer-reviewed 311 $a0888-7233 531 $aCOMP ECON STUD 531 $aCOMPARATIVE ECONOMIC STUDIES (ASSOCIATION FOR COMPARATIVE ECONOMIC STUDIES) 606 $aComparative economics$vPeriodicals 606 $aÉconomie politique comparée$vPériodiques 606 $aConditions économiques$2eclas 606 $aPublications périodiques$2eclas 606 $aEconomies de transition$2eclas 606 $aComparative economics$2fast$3(OCoLC)fst00871323 606 $aEconomic history$2fast$3(OCoLC)fst00901974 606 $aEconomische geografie$2gtt 606 $aSystemvergleich$2stw 606 $aSystemtransformation$2stw 606 $aWelt$2stw 607 $aCommunist countries$xEconomic conditions$vPeriodicals 607 $aPays socialistes$xConditions économiques$vPériodiques 607 $aCommunist countries$2fast 608 $aPeriodicals.$2fast 615 0$aComparative economics 615 6$aÉconomie politique comparée 615 7$aConditions économiques. 615 7$aPublications périodiques. 615 7$aEconomies de transition. 615 7$aComparative economics. 615 7$aEconomic history. 615 17$aEconomische geografie. 615 7$aSystemvergleich. 615 7$aSystemtransformation. 615 7$aWelt. 676 $a330/.05 712 02$aAssociation for Comparative Economic Studies (U.S.) 906 $aJOURNAL 912 $a996202305403316 996 $aComparative Economic Studies$91325130 997 $aUNISA